Western civilization : (Record no. 13935)

000 -LEADER
fixed length control field 01195cam a2200301 a 4500
001 - CONTROL NUMBER
control field 15861980
005 - DATE AND TIME OF LATEST TRANSACTION
control field 20170105102843.0
008 - FIXED-LENGTH DATA ELEMENTS--GENERAL INFORMATION
fixed length control field 090810s2011 cauab b 001 0 eng
010 ## - LIBRARY OF CONGRESS CONTROL NUMBER
LC control number 2009934607
020 ## - INTERNATIONAL STANDARD BOOK NUMBER
International Standard Book Number 9781424067824
020 ## - INTERNATIONAL STANDARD BOOK NUMBER
International Standard Book Number 1424067820
040 ## - CATALOGING SOURCE
Original cataloging agency DLC
Transcribing agency DLC
Modifying agency DLC
050 00 - LIBRARY OF CONGRESS CALL NUMBER
Classification number CB245
Item number .W4843 2011
082 ## - DEWEY DECIMAL CLASSIFICATION NUMBER
Classification number 909.09812
245 00 - TITLE STATEMENT
Title Western civilization :
Remainder of title beyond boundaries /
Statement of responsibility, etc. Thomas F.X. Noble ... [et al.].
250 ## - EDITION STATEMENT
Edition statement 6th ed.
260 ## - PUBLICATION, DISTRIBUTION, ETC.
Place of publication, distribution, etc. Boston, MA :
Name of publisher, distributor, etc. Wadsworth Cengage Learning,
Date of publication, distribution, etc. c2011.
300 ## - PHYSICAL DESCRIPTION
Extent xxxii, 880, 31 p. :
Other physical details ill. (some col.), maps (some col.) ;
Dimensions 29 cm.
504 ## - BIBLIOGRAPHY, ETC. NOTE
Bibliography, etc. note Includes bibliographical references and index.
650 #0 - SUBJECT ADDED ENTRY--TOPICAL TERM
Topical term or geographic name entry element Civilization, Western.
700 1# - ADDED ENTRY--PERSONAL NAME
Personal name Noble, Thomas F. X.
856 42 - ELECTRONIC LOCATION AND ACCESS
Materials specified Contributor biographical information
Uniform Resource Identifier <a href="http://www.loc.gov/catdir/enhancements/fy1105/2009934607-b.html">http://www.loc.gov/catdir/enhancements/fy1105/2009934607-b.html</a>
856 42 - ELECTRONIC LOCATION AND ACCESS
Materials specified Publisher description
Uniform Resource Identifier <a href="http://www.loc.gov/catdir/enhancements/fy1105/2009934607-d.html">http://www.loc.gov/catdir/enhancements/fy1105/2009934607-d.html</a>
856 41 - ELECTRONIC LOCATION AND ACCESS
Materials specified Table of contents only
Uniform Resource Identifier <a href="http://www.loc.gov/catdir/enhancements/fy1105/2009934607-t.html">http://www.loc.gov/catdir/enhancements/fy1105/2009934607-t.html</a>
906 ## - LOCAL DATA ELEMENT F, LDF (RLIN)
a 7
b cbc
c orignew
d 3
e epcn
f 20
g y-gencatlg
942 ## - ADDED ENTRY ELEMENTS (KOHA)
Source of classification or shelving scheme
Koha item type Book
Holdings
Withdrawn status Lost status Damaged status Not for loan Collection code Permanent Location Current Location Shelving location Date acquired Total Checkouts Full call number Barcode Date last seen Price effective from Koha item type
          Centre for International Peace & Stability (CIPS) Centre for International Peace & Stability (CIPS) General Stacks 08/02/2013   909.09812 WES 2011 CIPS0000226 08/05/2013 08/05/2013 Book
© 2023 Central Library, National University of Sciences and Technology. All Rights Reserved.